|
|
|
|
| LEADER |
00000nam a2200000 a 4500 |
| 001 |
vtls010023762 |
| 003 |
SK-MaSNL |
| 005 |
20260302023603.0 |
| 007 |
co bg anuua |
| 008 |
240318s2009 xo l fsp 000 0 slo |
| 015 |
|
|
|a SNBS2010/01-00747
|
| 020 |
|
|
|a 9788080960957
|q (elektronická kniha)
|
| 040 |
|
|
|a SNK
|b slo
|c SNK
|e AACR2
|
| 041 |
0 |
|
|a slo
|
| 044 |
|
|
|a xo
|c SK
|
| 072 |
|
7 |
|a 51
|x Matematika
|2 konspekt
|
| 080 |
|
|
|a 51
|2 2001
|
| 080 |
|
|
|a 51-7
|2 2001
|
| 080 |
|
|
|a (075.8)
|2 2001
|
| 080 |
|
|
|a (0.034.44)
|2 2001
|
| 080 |
|
|
|a 167.23
|2 2001
|
| 100 |
1 |
|
|a Palumbíny, Oleg
|4 aut
|9 41831
|
| 245 |
1 |
0 |
|a Matematické metódy plánovania a vyhodnocovania experimentu
|h elektronický zdroj
|c Oleg Palumbíny
|
| 246 |
1 |
1 |
|a Mathematical Methods of Planning and Evaluation of Experiments
|
| 250 |
|
|
|a 1. vyd.
|
| 260 |
|
|
|a Trnava
|b AlumniPress
|c 2009
|
| 300 |
|
|
|a 1 elektronický optický disk (CD-ROM)
|c 12 cm
|
| 490 |
1 |
|
|a Elektronické skriptá
|
| 500 |
|
|
|a Názov z titulnej obrazovky
|
| 516 |
|
|
|a Textový dokument (učebnica), 1 súbor vo formáte pdf
|
| 538 |
|
|
|a Technické požiadavky: Adobe Reader
|
| 650 |
0 |
7 |
|a matematika
|2 SNKPH
|9 70174
|
| 650 |
0 |
7 |
|a matematické metódy
|2 SNKPH
|9 50175
|
| 650 |
0 |
7 |
|a vedecké pokusy
|2 SNKPH
|9 69059
|
| 655 |
|
7 |
|a elektronické zdroje
|2 SNKPH
|9 90954
|
| 655 |
|
7 |
|a CD-ROM
|2 SNKPH
|9 70236
|
| 655 |
|
7 |
|a učebnice vysokých škôl
|2 SNKPH
|9 70191
|
| 810 |
2 |
|
|a Slovenská technická univerzita v Bratislave.
|b Materiálovotechnologická fakulta v Trnave
|t Elektronické skriptá
|9 204465
|
| 919 |
|
|
|a 978-80-8096-095-7
|
| 999 |
|
|
|c 1037101
|d 1039031
|
| 952 |
|
|
|a SNK
|b SNK
|y PREZ
|7 0
|p 17A0638627
|o snkSCDM 2435
|i snk2009/20851
|8 0
|0 0
|1 0
|4 0
|d 2009-11-23
|l 0
|r 2026-02-24 14:12:53
|w 2026-02-24
|
| 952 |
|
|
|t snkMAT 51-7
|a SNKMST
|b SNKMST
|y PREZ
|7 0
|p 17A0638629
|o snkSCDM 2435 D1
|i snk2009/20852
|8 0
|0 0
|1 0
|4 0
|d 2009-11-23
|l 0
|r 2025-08-11 00:00:00
|w 2026-02-24
|